<?xml version="1.0" encoding="UTF-8"?>
<collection xmlns="http://www.loc.gov/MARC21/slim">
  <record>
    <leader>00000nam  2200000   4500</leader>
    <controlfield tag="001">INLIS000000000020652</controlfield>
    <controlfield tag="005">20250728112222</controlfield>
    <datafield tag="035" ind1="#" ind2="#">
      <subfield code="a">0010-0725000182</subfield>
    </datafield>
    <controlfield tag="007">ta</controlfield>
    <controlfield tag="008">250728################|##########|#|##</controlfield>
    <datafield tag="084" ind1="#" ind2="#">
      <subfield code="a">R 0029 PKA 2024</subfield>
    </datafield>
    <datafield tag="100" ind1=" " ind2="#">
      <subfield code="a">Ade Ahadi</subfield>
    </datafield>
    <datafield tag="245" ind1="1" ind2="#">
      <subfield code="a">"Seladang" Optimalisasi Pemanfaatan Layanan Administrasi Kependudukan Menggunakan Aplikasi SIstem Layanan Adminduk dalam Jaringan (Selendang) Pada Dinas Kependudukan dan Pencatatan Sipil Kabupaten Kapuas Hulu /</subfield>
      <subfield code="c">Ade Ahadi</subfield>
    </datafield>
    <datafield tag="260" ind1="#" ind2="#">
      <subfield code="a">Jakarta :</subfield>
      <subfield code="b">Pusbangkom Pimnas dan Manajerial ASN,</subfield>
      <subfield code="c">2024</subfield>
    </datafield>
    <datafield tag="300" ind1="#" ind2="#">
      <subfield code="a">30 hlm. ;</subfield>
      <subfield code="c">30 cm</subfield>
    </datafield>
    <datafield tag="650" ind1="#" ind2="4">
      <subfield code="a">Layanan administrasi Kependudukan</subfield>
    </datafield>
    <datafield tag="520" ind1="#" ind2="#">
      <subfield code="a">Administrasi Kependudukan (Adminduk) merupakan serangkaian kegiatan yang dilakukan untuk menata dan menertibkan dokumen dan data kependudukan. Tujuan penyelenggaraan sistem kependudukan adalah untuk mendpatkan kepastian hukum atas hak-hak sipil bagi warga negara, selain sebagai penyedia informasi untuk kepentingan pembangunan. Pelayanan Adminduk merupakan bentuk pelayanan publik pada Dinas Kependudukan dan Pencatatan Sipil. Penyelenggaraan pelayanan publik dituntut untuk selalu meningkatkan kualitas, baik kemampuan,l keterampilan, kreativitas, keteladanan maupun profesionalisme agar dalam menjalankan roda pemerintahan dapat berjalan dengan baik sesuai dengan pelaksanaan tugas pokok dan fungsi serta dapat mencapai tujuan organisasi.</subfield>
    </datafield>
    <datafield tag="990" ind1="#" ind2="#">
      <subfield code="a">2024/1.2.3/A/0029</subfield>
    </datafield>
  </record>
</collection>
